| 000 | 00577nam a22001577a 4500 | ||
|---|---|---|---|
| 005 | 20140217155658.0 | ||
| 008 | 131108b2006 ck ||||| |||| 00| 0 spa d | ||
| 041 | _aspa | ||
| 044 | _ack | ||
| 090 |
_aIAVH _b01445 |
||
| 245 |
_aDesarrollo rural,sanidad de base a traves del uso de recursos locales en cuatro comunidades desplazadas de Colombia _bPrimer informe tecnico semestral. |
||
| 260 |
_aCali _bFundacofan _c2006 |
||
| 300 |
_a19 p. _bil |
||
| 500 | _aElaboración del primer informe de las actividades realizadas por fundacofan en el valle del cauca. | ||
| 942 |
_2z _cImpreso |
||
| 999 |
_c7749 _d7749 |
||